00682nam a22002177a 450000500170000001000130001702000220003003500130005203700160006504000120008108200130009310000230010624500870012926000380021627000510025430000290030550000500033465000260038465000330041070000210044320170124110023.0 aB-108064 c00.00a8173713987 aB-108064 bCen Lib/Ret aDPLbEN a510bNAR aNarlikar, Jayant V aFun and fundamentals of Mathematics /cby Jayant V Narlikar [and] Mangala Narlikar bUniversity Pressc2001aHyderabad a3-5-272, HimayatnagarbAndhra Pradeshe500 029 avi,194p. :c22(Hb)bill. aIncludes bibliographical references and index aMathematical puzzles. aMathematics and imagination. aNalikar, Mangala